Network data envelopment analysis foundations and extensions
Enregistré dans:
| Auteur principal: | |
|---|---|
| Format: | Livre |
| Langue: | anglais |
| Publié: |
Cham
Springer
2017
|
| Collection: | International series in operations research & management science
Volume 240 |
| Sujets: | |
| Tags: |
Pas de tags, Soyez le premier à ajouter un tag!
|
MARC
| LEADER | 00000nam a2200000 4500 | ||
|---|---|---|---|
| 001 | 0235911 | ||
| 005 | 20240221113030.5 | ||
| 020 | |a 978-3-319-31716-8 | ||
| 041 | 0 | |a eng | |
| 044 | |a CH | ||
| 245 | 1 | 0 | |a Network data envelopment analysis |b foundations and extensions |c Chiang Kao |
| 264 | 1 | |a Cham |b Springer |c 2017 | |
| 300 | |a xv, 443 s. | ||
| 490 | 1 | |a International series in operations research & management science |v Volume 240 | |
| 830 | 0 | |a International series in operations research & management science |v Volume 240 | |
| 610 | 2 | 0 | |a analýza sieťová |
| 610 | 2 | 0 | |a analýza dát |
| 610 | 2 | 0 | |a siete dátové |
| 610 | 2 | 0 | |a dáta |
| 610 | 2 | 0 | |a programovanie matematické |
| 610 | 2 | 0 | |a výkonnosť |
| 610 | 2 | 0 | |a výskum operačný |
| 610 | 2 | 0 | |a systémy operačné |
| 100 | 1 | |a Kao, Chiang | |